Marvel Villains by Death - Statistics

General Stats
  • This quiz has been taken 253 times
  • The average score is 11 of 20
Answer Stats
Hint Answer % Correct
Shot by his own illusion drone Mysterio
82%
Killed when Asgard was destroyed by Surtur Hela
79%
Decapitated by Thor while retiring Thanos
75%
Shot with Pepper Potts’ repulsor blast Aldrich Killian
74%
Flew into the sun Ikaris
73%
Stabbed in the chest and died watching a sunset Erik Killmonger
72%
Disintegrated by the power stone Ronan
71%
Disrupted Kang’s force field and died in the process MODOK / Yellowjacket
66%
Shot in the head when Deadpool was bored by Colossus’ heroism speech Ajax / Francis
56%
Sacrificed himself to rebuild the universe that he destroyed Strange Supreme
56%
Blown up when a bomb was planted on his brain Ego
54%
Electrocuted and drowned by Storm Toad
51%
Activated self-destruct sequence on his suit Whiplash
44%
Choked by Magneto and drowned when a dam broke William Stryker
44%
Soul sucked out by the Dweller in Darkness Xu Wenwu
44%
Crushed by his own spaceship Malekith
43%
Helicopter crash and was blown up Agent Zero
38%
Shot by a wounded Sharon Carter Karli Morgenthau
38%
Hole blasted through his chest by G’iah Gravik
35%
Sliced and diced into pieces by Thena Kro
32%
No matching quizzes found
Score Distribution
Percent of People with Each Score
Percentile by Number Answered
Your Score History
You have not taken this quiz